| 000 | 00833cab a2200229 4500 | ||
|---|---|---|---|
| 001 | WB3319-54 | ||
| 008 | 090401t1997 xxu||||| |||| 00| 0 eng d | ||
| 035 | _a(Sirsi) u78311 | ||
| 041 | _aeng | ||
| 245 | _aSolicitors negligence | ||
| 260 | _c1997 | ||
| 350 | _a0 | ||
| 490 |
_aEstates Gazette Case Summaries _v[1997] EGCS 63, (10/5/97) |
||
| 520 | _a"Madley v Cousins Coombe & Mustoe" QBD 25 April 1996. A solicitor is wrong to invite instruction by communicating through a third party, with subsequent effect of charges providing security for all money owing to a bank rather than investment only. | ||
| 650 | _aCONFLICT OF INTEREST | ||
| 650 | _aMADLEY V COUSINS COOMBE & MUSTOE | ||
| 650 | _aPARTNERSHIPS | ||
| 650 | _aSECURITY | ||
| 690 | _aPROPERTY LAW AND PRACTICE-CASE LAW | ||
| 942 | _n0 | ||
| 948 | _c14/05/1997 | ||
| 999 |
_c49279 _d49279 |
||